Countries With Least Water - Statistics

General Stats
  • This quiz has been taken 51 times
  • The average score is 7 of 10
Answer Stats
Continent % of access Country % Correct
Africa 46% Niger
90%
Africa 39% DR Congo
88%
Africa 43% Chad
81%
Africa 39% Ethiopia
74%
Africa 40% Somalia
71%
Africa 19% Eritrea
62%
Africa 38% Uganda
60%
Africa 41% Angola
57%
Africa 47% Mozambique
57%
Oceania 37% Papua New Guinea
57%
No matching quizzes found
Score Distribution
Percent of People with Each Score
Percentile by Number Answered
Your Score History
You have not taken this quiz